| 000 | 00372nam a2200133Ia 4500 | ||
|---|---|---|---|
| 005 | 20260328101506.0 | ||
| 008 | 260328s9999||||xx |||||||||||||| ||und|| | ||
| 100 | _aBreuer, Marcel | ||
| 245 | 0 |
_aMarcel Breuer - Sun and shadow : _b The philosophy of an Architect / _cMarcel Breuer |
|
| 260 | _bDodd, Mead & Company | ||
| 300 | _a205 p. | ||
| 650 | _aARQUITECTOS | ||
| 942 | _cBK | ||
| 999 |
_c9044 _d9044 |
||